Arcaismo y modernidad en la explotación agraria de Valdeburón (León) / (Record no. 99111)
[ view plain ]
| 000 -LEADER | |
|---|---|
| campo de control de longitud fija | 00719nam a2200193 i 4500 |
| 001 - NÚMERO DE CONTROL | |
| campo de control | 99111 |
| 003 - IDENTIFICADOR DE NÚMERO DE CONTROL | |
| campo de control | ES-MaACL |
| 005 - FECHA Y HORA DE LA ÚLTIMA TRANSACCIÓN | |
| campo de control | 20230906182436.0 |
| 007 - CAMPO FIJO DE DESCRIPCIÓN FÍSICA--INFORMACIÓN GENERAL | |
| campo de control de longitud fija | t| |
| 008 - DATOS DE LONGITUD FIJA--INFORMACIÓN GENERAL | |
| campo de control de longitud fija | 050902s1961 zzz ||||1| spa d |
| 080 ## - NÚMERO DE LA CLASIFICACIÓN DECIMAL UNIVERSAL | |
| Número de la Clasificación Decimal Universal | 338:63(462.11 Valdeburón) |
| 100 1# - ENTRADA PRINCIPAL--NOMBRE DE PERSONA | |
| Nombre de persona | Martín Galindo, José Luis. |
| 9 (RLIN) | 77499 |
| 245 10 - MENCIÓN DEL TÍTULO | |
| Título | Arcaismo y modernidad en la explotación agraria de Valdeburón (León) / |
| Mención de responsabilidad, etc. | por José Luis Martín Galindo. |
| 260 ## - PUBLICACIÓN, DISTRIBUCIÓN, ETC. | |
| Lugar de publicación, distribución, etc. | [Valladolid : |
| Nombre del editor, distribuidor, etc. | Instituto Juan Sebastián Elcano], |
| Fecha de publicación, distribución, etc. | 1961. |
| 300 ## - DESCRIPCIÓN FÍSICA | |
| Extensión | 28 h. : |
| Otras características físicas | il. ; |
| Dimensiones | 25 cm. |
| 595 ## - | |
| -- | Tirada aparte de: Estudios geográficos, v. 22, n. 83, 1961, p. 167-222. |
| 650 #4 - PUNTO DE ACCESO ADICIONAL DE MATERIA--TÉRMINO DE MATERIA | |
| Término de materia o nombre geográfico como elemento de entrada | Explotaciones agrícolas- |
| Subdivisión geográfica | León (Provincia) |
| 9 (RLIN) | 152012 |
| 852 ## - LOCALIZACIÓN | |
| Ubicación | ES-MaACL |
| Número de control de estantería | C- 28067 |
| Estatus retirado | Estado de pérdida | Estado de daño | No para préstamo | Biblioteca de origen | Biblioteca actual | Ubicación en estantería | Fecha de adquisición | Fuente de adquisición | Total de préstamos | Signatura topográfica completa | Código de barras | Visto por última vez | Precio de reemplazo | Tipo de ítem Koha |
|---|---|---|---|---|---|---|---|---|---|---|---|---|---|---|
| Biblioteca del Ateneo de Madrid | Biblioteca del Ateneo de Madrid | Depósito 2 | 17/01/2008 | C-28067 | 1103473 | 23/02/2023 | 23/02/2023 | Libro impreso |
